Statystyki dla Państwa Azji

Kliknij tutaj aby rozwiązać quiz!

Ogólne statystyki

  • Ten quiz został rozwiązany 108 749 razy
  • Średni wynik to 35 z 48

Odpowiedzi na mapie

Odpowiedzi skodowane kolorowo w zielono-czerwonej skali na mapie do tego quizu, zgodnie z poniższymi procentami.
Ładowanie ...
 

Statystyki odpowiedzi

Kraj% Poprawnych
Chiny
99%
Japonia
97%
Indie
95%
Korea Południowa
94%
Korea Północna
94%
Turcja
93%
Kazachstan
92%
Mongolia
90%
Arabia Saudyjska
89%
Irak
89%
Iran
89%
Indonezja
84%
Izrael
81%
Pakistan
80%
Wietnam
78%
Oman
78%
Afganistan
78%
Filipiny
78%
Zjednoczone
Emiraty Arabskie
77%
Uzbekistan
76%
Jemen
76%
Gruzja
76%
Tajlandia
74%
Turkmenistan
73%
Syria
72%
Armenia
72%
Azerbejdżan
72%
Tadżykistan
72%
Nepal
71%
Sri Lanka
71%
Cypr
70%
Katar
69%
Tajwan
69%
Kirgistan
67%
Bangladesz
65%
Jordania
65%
Malezja
65%
Laos
64%
Kambodża
61%
Bhutan
58%
Singapur
58%
Kuwejt
58%
Mjanma
56%
Liban
54%
Malediwy
48%
Bahrajn
46%
Timor Wschodni
43%
Brunei
39%

Rozkład punktacji

Percentyl według liczby udzielonych odpowiedzi

Procent ludzi z każdym wynikiem

Twoja historia wyników

Nie rozwiązałeś tego quizu